000 00707nam a2200253Ia 4500
003 OSt
005 20220927105335.0
006 a|||||r|||| 00| 0
007 ta
008 220926b |||||||| |||| 00| 0 eng d
020 _a0821363441
024 _a190094
037 _cReference Collections
040 _aRTL
_cRTL
_beng
041 _2eng
_aeng
082 _a"X991, P6/UN"
110 _aWORLD BANK
245 0 _aGlobal economic prospects
_b Economic implications of remittances and migration 2006.
260 _aWashington
_bWorld Bank
_c2006
300 _a"xix, 157p"
_ccm.
700 _aWORLD BANK
942 _h"X991, P6/UN"
_cCC
999 _c691962
_d691962